Engineering graphics fundamentals / (Record no. 6657)
[ view plain ]
| 000 -LEADER | |
|---|---|
| fixed length control field | 00923pam a2200193 a 4500 |
| 020 ## - INTERNATIONAL STANDARD BOOK NUMBER | |
| ISBN | 9781256688624 |
| 020 ## - INTERNATIONAL STANDARD BOOK NUMBER | |
| ISBN | 1256688622 |
| 050 00 - CALL NUMBER | |
| Classification number | T353 |
| Item number | .B46 |
| 100 ## - AUTHOR | |
| Personal name | Bethune, James D. |
| 245 00 - TITLE | |
| Title | Engineering graphics fundamentals / |
| Statement of responsibility, etc | Bethune, James D. |
| 250 ## - EDITION | |
| Edition statement | 3rd ed. |
| 260 ## - PUBLICATION INFORMATION | |
| Place of publication | New Jersey : |
| Name of publisher | Pearson Education, Inc. |
| Year of publication | 2008 |
| 300 ## - DESCRIPTION | |
| Number of Pages | viii, 834p. : |
| Other physical details | ill. ; |
| Dimensions | 24 cm. |
| 500 ## - NOTES | |
| General note | Taken from Engineering graphics with AutoCAD 2008<br/> |
| 505 ## - FORMATTED CONTENTS NOTE | |
| Table of Content | 1. Orthographic<br/>2. Sectional views and GD & T<br/>3. Auxiliary views and GD & T<br/>4. Dimensioning and tolerancing in AutoCAD and GD & T<br/>5. Geometric tolerancing in AutoCAD and GD & T<br/>6. Threads, Fasteners, Springs and GD & T<br/>7. Working drawings assemblies, and drawing management<br/>8. Gears, bearings, and cams<br/>9. Axonometric and oblique projections<br/>10.Welding representation<br/> |
| 650 #0 - SUBJECTS | |
| Topical Term | Engineering graphics. |
| 700 1# - OTHER AUTHORS | |
| Personal name | Eide, Arvid R. |
| 942 ## - ADDED ENTRY ELEMENTS (KOHA) | |
| Koha item type | Books |
No items available.